MDQL
is popping MORE tags! Check the
thread
!
Quizzes
Events
Quiz Creation
Community
Videos
Private Events
Remove Ads
Sign In
Join for FREE
Feedback
Dark Mode
Quiz Categories
Sports
Geography
Music
Movies
Television
Just For Fun
Miscellaneous
History
Literature
Language
Science
Gaming
Entertainment
Religion
Holiday
For Kids
Quiz Lab
Recent
Popular Today
Quiz Kudos Today
Editor Picks
Curator Picks
Quizzes by...
Day
Popularity
Type
Ratings
Length
Year
Community
Subscriptions
Recent Discussions
Orange Saloon
Badges
Playlists
Quests
Create
Leaderboards
Showdown
Live 5
Trivia Bingo
Activity
Puzzle Library
Sporcle Events
Private Events
Virtual Trivia
Globe League
Become a Host
Pub Owners
SporcleCon
Opinionation
Our Games
Videos
Blog
Mobile Apps
Partnerships
Remove Ads and Go Orange
Feedback
Sports
Athletes
MLB
NBA
NHL
NFL
Soccer
Sports Teams
WWE
NCAA
Football
Premier League
Basketball
Baseball
Hockey
Golf
Tennis
Cricket
Rugby
Auto Racing
Olympics
World Cup
Sports
Athletes
MLB
NBA
NHL
NFL
Soccer
Sports Teams
WWE
NCAA
Football
Premier League
Basketball
Baseball
Hockey
Golf
Tennis
Cricket
Rugby
Auto Racing
Olympics
World Cup
Random Quiz
Search Sporcle
×
Quiz Lab
Quiz Lab
Sports
Sports Teams
Type in answers that appear in a list
Type in answers that appear in a list
Classic
Best Score? Go Orange.
Sports Logos Close Up Alternates Stats
Can you name the sports team given a close-up of their alternate logo?
By
weeps
6m
24 Questions
8,636 Plays
8,636 Plays
8,636 Plays
Comments
Comments
Give Quiz Kudos
Give Quiz Kudos
-
- Ratings
hide this ad
More Info
Replay
Link that replays current quiz
Next Quiz
Link to next quiz in quiz playlist
You Got
0%
They Got
Avg Score
58%
Avg Friend Score
Upgrade to see
Score Distribution
Jump to the score distribution portion of the page
Score
0/24
Timer
06:00
0
Plays Today
Number
Team
% Correct
1
Cincinnati Bengals
93.4%
4
Phoenix Coyotes
87.6%
24
Milwaukee Bucks
78.9%
10
Milwaukee Brewers
77.8%
6
Chicago Blackhawks
77.5%
21
Denver Nuggets
75.4%
16
New York Rangers
75.2%
13
Cincinnati Reds
68%
20
New Orleans Hornets
60.6%
11
Colorado Avalanche
58.8%
17
Philadelphia Phillies
57%
15
Baltimore Ravens
56.7%
Number
Team
% Correct
2
Chicago White Sox
56.3%
8
Oakland A's
56.2%
9
Minnesota Twins
53.7%
23
Tennessee Titans
49.5%
7
Cleveland Browns
49.5%
3
Vancouver Canucks
49%
14
Atlanta Thrashers
48.1%
12
San Diego Padres
46.6%
19
Minnesota Timberwolves
45.5%
18
Calgary Flames
34.3%
22
Arizona Diamondbacks
29.5%
5
Nashville Predators
25%
Quiz Playlist
Details
Report
Send in Message
Add To Playlist
More Info:
NFL, MLB, NHL, NBA. All are active alternate logos according to sportslogos.net and are used in some capacity.
Classic:
Type in answers that appear in a list
Last Updated: Feb 16, 2017
Quiz Scoreboard
CHALLENGE
Sign Up to Join the Scoreboard
Show All
Scores
Hide
Comments
May contain spoilers
Recently Published
Holiday 10x10 Sorting Gallery
by lukepisani3
Holiday
15m
Two Season TV Shows II
by 123Four
Television
10m
Image Sorting: Flags VI
by Barbecue
Geography
2m
More to Explore
Quiz From the Vault
Featured Blog Post
14 Easter Pick-up Lines to Find Eggs With
hide this ad
You Might Also Like...
Tags
Logo Quiz
Sports Teams Quiz
Alternate
close
close-up
team
Today's Top Quizzes in Sports
Browse Sports
hide this ad
Today's Top Quizzes in Sports Teams
Browse Sports Teams
Top Contributed Quizzes in Sports
1
Les meilleurs buteurs des matchs entre le PSG et l’OM
2
Les entraîneurs de l'OM et du PSG au 21e siècle
3
2022 World Cup Stars
4
Les joueurs passés par le PSG et l'OM
5
Players with Multiple 50 Home Run Seasons
6
FIFA Club World Cup Champions
7
Top 10 NHL Goal Scorers of All Time
8
Les joueurs passés par le LOSC et le RC Lens
9
Criteria MLB: Left Handed Sluggers
10
2023 MLB Unique Player Accomplishments
Explore More
Trending Topics
Harry Potter
Kpop
Anime
Marvel
NBA
Disney
Crossword
NFL
Song
Country
Soccer
WWE
Puzzle
The Office
Pokémon
hide this ad
More By:
weeps
Quiz
Plays
Rating
Category
Featured
Created
Sports Logos Close-Up IV
131,171
4.30
Sports
Jan 16, 2010
Sports Logos Close-Up (Retro Edition)
91,105
4.37
Sports
Aug 29, 2012
Athletes Close-Up
81,912
3.85
Sports
Sep 4, 2012
NFL Lore
2,816
4.20
Sports
Jan 17, 2010
Sports Teams With Stars In Logo
1,047
3.00
Sports
Jan 16, 2010
Go to Creator's Profile
Score Distribution
Quiz Creator Spotlight
weeps
Follow
Send a Message
Quizzes Created
-
Created Quiz Play Count
-
More By This Creator
Popular Quizzes Today
1
Find the US States - No Outlines Minefield
2
Colored Red Africa Blitz
3
Find the 'City' Movie
4
The Countries of the World
5
Find the US States
6
5x2 Blitz: Bands
7
Find the Countries of Europe - No Outlines Minefield
8
US States
More Sports Quizzes
Hall of Fame Wide Receiver by Final Team
Published
Trending Quizzes
Colored Red Europe Blitz I
Colored Red Europe Blitz II
Colored Red Africa Blitz II
Colored Red Europe Blitz III
Colored Red Africa Blitz III
Recently Updated
Odd Team Out - Big 4 Players
pecheneg
Quick Pick: 20 Twenties
pecheneg
March Madness Men's Triple Doubles
pecheneg
How Do You Spell That?
pecheneg
Godzilla Movies
pecheneg
Grab Bag: 4-10 Letters
pecheneg
2024 March Madness Bracket
pecheneg
Famous TV Couples
Peacemaker
Champions League XIs: Real Madrid
pecheneg
Largest US Cities 1790-2010
pecheneg
Trending Topics
Crossword
NBA
Marvel
Harry Potter
Disney
Kpop
Anime
Puzzle
Pokémon
NFL
Soccer
Country
The Office
WWE
Song
Your Account Isn't Verified!
In order to create a playlist on Sporcle, you need to verify the email address you used during registration. Go to your
Sporcle Settings
to finish the process.
Report this User
Report this user for behavior that violates our
Community Guidelines
.
Details:
Send Report
Go to the Sporcle.com Mobile Site →
Comments